Ilmu hadith : (Record no. 984)

000 -LEADER
fixed length control field nam a22 a 4500
003 - CONTROL NUMBER IDENTIFIER
control field AKMAL
005 - DATE AND TIME OF LATEST TRANSACTION
control field 20170508102239.0
008 - FIXED-LENGTH DATA ELEMENTS--GENERAL INFORMATION
fixed length control field 170508s1993 my 00 may d
020 ## - INTERNATIONAL STANDARD BOOK NUMBER
International Standard Book Number 9836233016 (kkrs.) :
Terms of availability RM 20.00
040 ## - CATALOGING SOURCE
Original cataloging agency AKMAL
082 04 - DEWEY DECIMAL CLASSIFICATION NUMBER
Classification number 297.12406 SAL
090 00 - LOCALLY ASSIGNED LC-TYPE CALL NUMBER (OCLC); LOCAL CALL NUMBER (RLIN)
Classification number (OCLC) (R) ; Classification number, CALL (RLIN) (NR) 297.12406
Local cutter number (OCLC) ; Book number/undivided call number, CALL (RLIN) SAL
100 ## - MAIN ENTRY--PERSONAL NAME
Personal name Salih Subhi
9 (RLIN) 2076
245 10 - TITLE STATEMENT
Title Ilmu hadith :
Remainder of title satu pengenalan dan kajian /
Statement of responsibility, etc. Subhi al-Salih ; penterjemah Ariffin Omar, Mohd. Nor Ngah
260 ## - PUBLICATION, DISTRIBUTION, ETC.
Place of publication, distribution, etc. Kuala Lumpur :
Name of publisher, distributor, etc. Dewan Bahasa dan Pustaka,
Date of publication, distribution, etc. 1993
300 ## - PHYSICAL DESCRIPTION
Extent 413ms. ;
Dimensions 22cm.
500 ## - GENERAL NOTE
General note Terjemahan dari: 'Ulum al-Hadith oleh Dr. Subhi al-Salih
504 ## - BIBLIOGRAPHY, ETC. NOTE
Bibliography, etc. note Bibliografi: ms. 397
650 ## - SUBJECT ADDED ENTRY--TOPICAL TERM
Topical term or geographic name entry element Hadith
General subdivision Criticism, interpretation, etc.
9 (RLIN) 1782
700 0# - ADDED ENTRY--PERSONAL NAME
Personal name Ariffin Omar
9 (RLIN) 2077
700 0# - ADDED ENTRY--PERSONAL NAME
Personal name Mohd. Nor Ngah
9 (RLIN) 2078
942 ## - ADDED ENTRY ELEMENTS (KOHA)
Source of classification or shelving scheme
Koha item type Book
Holdings
Withdrawn status Lost status Source of classification or shelving scheme Damaged status Not for loan Collection code Home library Current library Shelving location Date acquired Inventory number Total Checkouts Full call number Barcode Date last seen Price effective from Koha item type
          NON-FICTION AKMAL Melaka AKMAL Melaka PINJAMAN 08.05.2017 200269   297.12406 SAL 201702008 08.05.2017 08.05.2017 Book
Pusat Sumber Maklumat Dato' Haji Sarmin Md Hussin, Akademi Kastam Diraja Malaysia, Melaka
Tel: 06-2331106 | Faks: 06-2313787